| 000 | 00449 a2200157 4500 | ||
|---|---|---|---|
| 999 |
_c7070 _d7070 |
||
| 020 | _a0435455559 | ||
| 050 | _aHD 5546 SUT 1997 | ||
| 100 |
_aSutherland, Jon _eauthor |
||
| 245 |
_aBusiness administration for secretarial certificates / _cJon Sutherland |
||
| 264 |
_aOxford : _bHeinemann, _c1997. |
||
| 300 | _a259p.: | ||
| 500 | _aInclude index. | ||
| 650 | _aOffice practice. | ||
| 700 |
_aDiane Canwell _eauthor |
||
| 942 |
_2lcc _cBK _h5546 _iSUT _kHD |
||